000 00670nam a2200229 a 4500
001 000009322
003 OSt
005 20240412074210.0
007 ta
008 090929s1952 mx r 000 p spa d
040 _aDO-SdBNP
_bspa
_cBNPHU
082 7 4 _aRD861.4
_bI37i
_222
100 1 _aIncháustegui Cabral, Héctor,
_d1912-1979
_921024
245 1 4 _aLas ínsulas extrañas /
_cHéctor Inchaustegui Cabral.
260 _aMéxico, D.F. :
_bStylo,
_c1952.
300 _a76 p. ;
_c24 cm.
590 _aInventariado, 2018/BT
650 0 _aPoesía dominicana
_966
650 0 _aLiteratura dominicana.
_967
910 _aValidado. Control de calidad. MFF
942 _2ddc
_cLBS1
999 _c9082
_d9082